00679nam a2200253 a 4500001001300000003000900013005001700022008004100039020001000080082001400090100002600104245001400130250001300144260003200157300000900189500003500198505000900233650001300242700002600255902000800281942000700289952011400296999001500410nice12345678IN_TiNIC20260116011910.0050524s0000 beia grp 000 0 ara  ac10000a230bISH1 aIshraqiyya, Nurud-Din aAl-Naurah a3rd ed.  aBeirutbMatba-Al-Khalc0000 a200p aincludes index and biblioraphy2 aMaps aTheology1 aIshraqiyya, Nurud-Din bSRS cBK 001040708StackRoom-aHMIbHMId2007-08-01g100.00l0o230 ISH1p07072r2007-08-01v100.00w2005-05-24yBK c4800d4800